00884nas a22002531i#4500001000400000003000900004005001700013007000300030008004100033022001400074080001000088245011600098260004900214300003100263310001200294362003800306530003500344650003900379700003100418700004000449852003700489856007200526866003200598824ES-MaACL20250928101607.0t|950801d19281938sp | | 1 ||pa d a1889-8718 a(051)00aEstampa b: revista gráfica y literaria de la actualidad española y mundial / cdir. Antonio G. de Linares. aMadrid : bSuc. de Rivadeneyra, c1928-1938. a29 v. : bgrab. ; c37 cm. aSemanal0 aAño 1, n. 1 (3 en. 1928)-(1938) aDisponible en formato digital.14aRevistas de información general.1 aMontiel, Luis, d1884-19761 aLinares, Antonio G. de, d1875-19454 aES-MaACLjZ-52 dOlim: Hem-34 uhttp://hemerotecadigital.bne.es/issn/1889-8718 zHemeroteca Digital 0o1928-32(1933-34)1935(1936).